000 00659nam a2200277Ia 4500
005 20260324122651.0
008 008 260324s9999 xx 000 0 eng d
020 _a9780203123317
037 _aEBOOK
040 _aCRL
040 _beng
040 _cCRL
041 _2eng
041 _aeng
084 _qCRL
100 _aChenxia Shi
_91167333
245 4 _aThe Political Determinants of Corporate Governance in China
260 _bTaylor and Francis
260 _c2012
365 _a
365 _b240
856 _uhttp://www.taylorfrancis.com/books/9780203123317
942 _cEBOOK
999 _c1760261
_d1760261